| 000 | 00391nmm a2200121Ia 4500 | ||
|---|---|---|---|
| 005 | 20241119151751.0 | ||
| 008 | 241119s9999||||xx |||||||||||||||||und|| | ||
| 245 | 0 | _aRethinking Teacher Education for the 21st Century | |
| 260 |
_aVerlag Barbara Budrich _c2019 |
||
| 650 | _aFilm Studies ; Communication Studies | ||
| 856 | _uhttps://www.jstor.org/stable/10.2307/j.ctvpb3xhh | ||
| 942 | _cE-Book | ||
| 999 |
_c182218 _d182218 |
||